000 00674nam a2200277Ia 4500
005 20260324124556.0
008 008 260324s9999 xx 000 0 eng d
020 _a9781315587622
037 _aEBOOK
040 _aCRL
040 _beng
040 _cCRL
041 _2eng
041 _aeng
084 _qCRL
100 _aMichael Barnes; Florian Jentsch
_91174679
245 0 _aHuman-Robot Interactions in Future Military Operations
260 _bTaylor and Francis
260 _c2010
365 _a
365 _b480
856 _uhttp://www.taylorfrancis.com/books/9781315587622
942 _cEBOOK
999 _c1769177
_d1769177